| 000 | 00496nam a2200181 a 4500 | ||
|---|---|---|---|
| 001 | 1782 | ||
| 005 | 20140414131924.0 | ||
| 008 | 010320s19uu xx 00 eng d | ||
| 020 | _a0-307-10050-2 | ||
| 050 |
_aER _bT41 1987 |
||
| 100 | _aSalzman, Yuri | ||
| 245 |
_aThree bears, The / _cretold and illustrated by Yuri Salzman. |
||
| 260 |
_aNew York : _bA Golden Book, _c1987. |
||
| 300 | _a1 v. p. : ill. ; cm. | ||
| 650 | _aBears - Stories. | ||
| 650 | _aBears - Fiction. | ||
| 999 |
_c111923 _d111923 |
||